Directory.

Bibliographic Details
Corporate Authors: Science Fiction Writers of America, Science Fiction and Fantasy Writers of America
Format: Serial
Language:English
Published: [Place of publication not identified] : Science Fiction Writers of America.
Subjects:

MARC

Tag First Indicator Second Indicator Subfields
LEADER 00000cas a2200000 a 4500
001 in00001222421
005 20151003052131.0
008 880208c19uu9999xx ar 0 a0eng d
035 |a (OCoLC)17446213 
035 |9 AGR3702AM 
040 |a ORU  |c ORU  |d TXA  |d UtOrBLW 
049 |a TXAE 
090 |a PN3448.S45  |b S45 
245 0 0 |a Directory. 
246 1 0 |a Science Fiction Writers of America directory 
246 1 0 |a SFFWA directory,  |f 1991/1992 
246 1 0 |a SFWA directory  |f 1981- 
246 1 0 |a SFWA membership directory  |f 1977 
246 1 0 |a Membership directory  |f 1978-1980 
264 1 |a [Place of publication not identified] :  |b Science Fiction Writers of America. 
300 |a volumes ;  |c 16-22 cm. 
310 |a Annual 
336 |a text  |b txt  |2 rdacontent 
337 |a unmediated  |b n  |2 rdamedia 
338 |a volume  |b nc  |2 rdacarrier 
500 |a Evans description based on: 1974; title from cover. 
500 |a Title varies. 
500 |a Issue for 1991/1992 has title: SFFWA directory. 
550 |a Vols. for <1992>- published by the Science Fiction and Fantasy Writers of America, Inc. 
500 |a The Cushing Library/Science Fiction copy is part of the Thomas Clareson Collection. 
610 2 0 |a Science Fiction Writers of America  |x Directories. 
710 2 |a Science Fiction Writers of America. 
710 2 |a Science Fiction and Fantasy Writers of America. 
999 |a MARS 
999 f f |s d2a21d1a-fcbd-3e21-9a96-d90a723f3b99  |i 656526bb-fc97-314d-b983-31e7ad04217c  |t 0 
952 f f |p noncirc  |a Texas A&M University  |b College Station  |c Cushing Memorial Library & Archives  |d Cushing: Science Fiction (Does not check out)  |t 0  |e PN3448.S45 S45  |h Library of Congress classification  |i unmediated -- volume 
952 f f |p noncirc  |a Texas A&M University  |b College Station  |c Cushing Memorial Library & Archives  |d Cushing: Science Fiction (Does not check out)  |t 0  |e PN3448.S45 S45  |h Library of Congress classification  |i unmediated -- volume  |l 1993  |m A14853465058 
998 f f |a PN3448.S45 S45  |s 1993  |t 0  |l Cushing: Science Fiction (Does not check out) 
998 f f |a PN3448.S45 S45  |s 2008-2010, 2013  |t 0  |l Cushing: Science Fiction (Does not check out)